| 000 | 00723nam a2200253 i 4500 | ||
|---|---|---|---|
| 001 | 70647 | ||
| 003 | ES-MaACL | ||
| 005 | 20250903021023.0 | ||
| 007 | t| | ||
| 008 | 040729s1985 sp |||| | spa d | ||
| 020 | _a84-335-5114-0 | ||
| 080 | _a51-8 | ||
| 100 | 1 |
_aGardner, Martin. _955513 |
|
| 245 | 1 | 0 |
_aRuedas, vida y otras diversiones matemáticas / _cMartin Gardner ; [traduccción, Luis Bou García]. |
| 250 | _a1ª ed. | ||
| 260 |
_aBarcelona : _bLabor, _c1985. |
||
| 300 |
_aXI, 273 p. ; _c24 cm. |
||
| 500 | _aÍndice. | ||
| 504 | _aBibliografía. | ||
| 650 | 0 | 7 |
_aMatemáticas recreativas _2embne _914838 |
| 700 | 1 |
_aBou García, Luis. _930816 |
|
| 852 |
_aES-MaACL _jL-8529 |
||
| 999 |
_c70647 _d70647 |
||